000 00877nam a2200229 a 4500
999 _c6084
_d6084
001 6084
003 BD-JhCC
005 20180122095906.0
008 180101s1994 bg |||| ||a| 000 0 mul d
035 _a(BD-JhCC)6084
040 _aBD-JhCC
_dBD-JhCC
041 _amul
082 _a297.63
_bRAH 1994
100 _a(র.), আবূ মুহাম্মদ আবদুল মালিক ইবন হিশাম মুআফিরী
245 _aসীরতুননবী (সা.) /
_cআবূ মুহাম্মদ আবদুল মালিক ইবন হিশাম মুআফিরী (র.)
260 _aঢাকা :
_bইসলামীক ফাউন্ডেশন বাংলাদেশ,
_c১৯৯৪.
300 _a436 p. :
_c24 cm.
650 _aThe Life Hazrat Muhammad (Sm.)
650 _aIslam
942 _2ddc
_cBK